| 000 | 00806nam a2200265 i 4500 | ||
|---|---|---|---|
| 001 | 131449 | ||
| 003 | ES-MaACL | ||
| 005 | 20230906194001.0 | ||
| 007 | t| | ||
| 008 | 070214s1972 sp a |||| | spa d | ||
| 020 | _a84-239-6477-9 | ||
| 080 | _a159.92 | ||
| 080 | _a612.82(04) | ||
| 100 | 1 |
_aDelgado, José M. R. _943412 |
|
| 245 | 1 | 0 |
_aControl físico de la mente _b: hacia una sociedad psicocivilizada / _cJosé Manuel Rodríguez Delgado. |
| 260 |
_aMadrid : _bEspasa-Calpe, _c1972. |
||
| 300 |
_a320 p. : _bil. ; _c20 cm. |
||
| 490 | 1 | _aNueva ciencia-Nueva técnica | |
| 504 | _aBibliografía : p. [303]-316. | ||
| 650 | 0 | 4 |
_aMente y cuerpo. _914993 |
| 650 | 4 |
_aCerebro. _910903 |
|
| 830 | 0 |
_aNueva ciencia-Nueva técnica _9181572 |
|
| 852 |
_aES-MaACL _jC-43544 |
||
| 999 |
_c131449 _d131449 |
||